| 000 | 01626cam a22003135i 4500 | ||
|---|---|---|---|
| 999 |
_c16293 _d16293 |
||
| 003 | EG-ScBUE | ||
| 005 | 20200122101202.0 | ||
| 008 | 200121s2002 ua g b 000 0 ara d | ||
| 017 | _a2002 / 10756 | ||
| 040 |
_aEG-ScBUE _bara _erda _cEG-ScBUE _dEG-ScBUE |
||
| 082 | 0 | 4 |
_a809 _bأ م ي _222 |
| 100 | 1 |
_aأمين، أحمد، _d1886-1954، _eمؤلف. |
|
| 245 | 1 | 0 |
_aقصة الأدب في العالم / _cتصنيف أحمد أمين، زكي نجيب محمود. |
| 250 | _aالطبعة الثانية. | ||
| 264 | 1 |
_aالقاهرة : _bالهيئة العامة لقصور الثقافة، _c2002. |
|
| 300 |
_a3 أجزاء في 1 مجلد ؛ _c24 سم. |
||
| 336 |
_aنص _btxt _2rdacontent |
||
| 337 |
_aبدون وسيط _bn _2rdamedia |
||
| 338 |
_aمجلد _bnc _2rdacarrier |
||
| 490 | 0 |
_aذاكرة الكتابة ؛ _v33-36 |
|
| 500 | _a"كتاب في ثلاثة أجزاء يعرض الأدب في عصوره المختلفة قديمه ووسيطه وحديثه في الشرق والغرب مع نماذج من كل أدب"-- صفحة العنوان. | ||
| 504 | _aيشتمل على إرجاعات ببليوجرافية. | ||
| 505 | 0 | _aالمحتويات : مج. 1. في الأدب القديم وأدب العصور الوسطى-مج. 2. في الأدب الحديث إلى مبدأ القرن التاسع عشر-مج. 3. في الأدب الغربي والشرقي في القرن التاسع عشر. | |
| 650 | 7 |
_aالأدب _xتاريخ ونقد. _2BUEsh _915991 |
|
| 651 | _2BUEsh | ||
| 653 |
_bARALIT _bGGEN _cJuly2019 |
||
| 700 | 1 |
_aمحمود، زكي نجيب، _eمؤلف. |
|
| 942 |
_2ddc _cBB |
||